LEADER 05273nam 2200601Ia 450 001 9910777426803321 005 20230421044915.0 035 $a(CKB)1000000000450691 035 $a(EBL)3377760 035 $a(SSID)ssj0000115564 035 $a(PQKBManifestationID)11141444 035 $a(PQKBTitleCode)TC0000115564 035 $a(PQKBWorkID)10008076 035 $a(PQKB)11457385 035 $a(OCoLC)270932691 035 $a(MiAaPQ)EBC3377760 035 $a(EXLCZ)991000000000450691 100 $a20050321d1995 uy 0 101 0 $aeng 135 $aur|n|---||||| 181 $ctxt 182 $cc 183 $acr 200 00$aBuilding a North American feed information system$b[electronic resource] /$fSubcommittee on Criteria for a National Feed Composition Data Base, Committee on Animal Nutrition, Board on Agriculture, National Research Council 210 $aWashington, D.C. $cNational Academy Press$d1995 215 $a1 online resource (86 p.) 300 $aCommittee chair: Joseph P. Fontenot. 300 $a"This study was supported by the Agricultural Research Service of the U.S. Department of Agriculture, under Agreement NO. 59-0530-1-194, by the Cooperative State Research Service of the U.S. Department of Agriculture, under Agreement No. 91-COOP-2-6711, by the Center for Veterinary Medicine, Food and Drug Administration of the U.S. Department of Health and Human Services, under Cooperative Agreement No. FD-R-000783-01, by the Cooperative Extension Service, under Agreement No. 91-EXCA-1-0160, and by the National Agricultural Library, under Agreement No. 58-0540-1-188." 300 $a"Additional support was provided by the Corn Refiners Association, the National Barley Growers Association, the Salt Institute, and the Archer Daniels Midland Company." 311 $a0-309-58626-7 320 $aIncludes bibliographical references (p. 61-68). 327 $a""BUILDING A NORTH AMERICAN FEED INFORMATION SYSTEM""; ""Copyright""; ""SUBCOMMITTEE ON CRITERIA FOR A NATIONAL FEED COMPOSITION DATA BASE""; ""COMMITTEE ON ANIMAL NUTRITION""; ""Staff""; ""BOARD ON AGRICULTURE""; ""Staff""; ""Preface""; ""Acknowledgments""; ""Contents""; ""Contents""; ""Executive Summary""; ""BENEFITS AND USES OF FEED COMPOSITION DATA""; ""Enhancing Productivity""; ""Improving Animal Health and Welfare""; ""Reducing Environmental Pollution""; ""Recycling By-Products and Wastes""; ""Facilitating Sustainable Agriculture""; ""ISSUES OF REGULATION"" 327 $a""Ensuring Food and Feed Safety""""Managing Agricultural Pollution""; ""EXCHANGING INFORMATION AND IMPROVING TRADE""; ""TRANSITION TO IMPROVED ANIMAL FEEDING""; ""Recommendations""; ""Practical Solutions""; ""1 Improving the Application of Nutritional Science""; ""NUTRITION'S VITAL ROLE""; ""URGENT NEED FOR INFORMATION""; ""2 Potential of a North American Feed Information System""; ""DIETARY MANAGEMENT OF FOOD-PRODUCING ANIMALS""; ""Dairy""; ""Poultry""; ""IMPACTS ON ANIMAL HEALTH""; ""Malnutrition and Undernutrition""; ""Defense Against Disease"" 327 $a""CONSERVATION AND PRESERVATION OF THE ENVIRONMENT""""Methane""; ""Nutrient Loading""; ""Nitrogen""; ""Phosphorus""; ""UTILIZATION OF BY-PRODUCTS AND WASTES""; ""SUSTAINABILITY""; ""INFLUENCE OF GENETIC ENGINEERING""; ""REGULATORY IMPLICATIONS""; ""Food and Feed Safety""; ""Environmental Regulations""; ""INTERNATIONAL SIGNIFICANCE""; ""Competing in Agricultural Trade""; ""Marketing Dividends""; ""Meeting the World Population's Food Demands""; ""3 Diverse Clientele of a North American Feed Information System""; ""EDUCATORS AND RESEARCHERS""; ""Education""; ""Research"" 327 $a""LIVESTOCK PRODUCERS, EXTENSION SPECIALISTS, AND CONSULTANTS""""FEED MANUFACTURERS""; ""Small-Volume Feed Manufacturers""; ""Large-Volume Feed Manufacturers and Technical Service Organizations""; ""4 The Data Base Concept""; ""HISTORICAL PERSPECTIVE""; ""REJUVENATION OF A CRUCIAL SYSTEM""; ""EXAMINING SEVERAL PARADIGMS""; ""Aspects of Utility""; ""Similarities in Subject Matter and Function""; ""Accessibility""; ""Efforts Outside the United States""; ""Practical Considerations""; ""Progress and Partnerships""; ""5 Making the Concept a Reality""; ""KEY PLAYERS"" 327 $a""Organizational Relationships""""QUALITY DATA""; ""Classification""; ""Chemical and Analytical Aspects of Feedstuff Analysis""; ""Biological Characterization of Feedstuffs""; ""Sources of Data""; ""A FINANCIAL INVESTMENT""; ""References""; ""About the Authors"" 606 $aFeed industry 606 $aFeed utilization efficiency 615 0$aFeed industry. 615 0$aFeed utilization efficiency. 676 $a381.4160855 701 $aFontenot$b Joseph P$01531097 712 02$aNational Research Council (U.S.).$bSubcommittee on Criteria for a National Feed Composition Data Base. 712 02$aNational Research Council (U.S.).$bCommittee on Animal Nutrition. 712 02$aNational Research Council (U.S.).$bBoard on Agriculture. 712 02$aNational Institute for Animal Nutrition Melle 801 0$bMiAaPQ 801 1$bMiAaPQ 801 2$bMiAaPQ 906 $aBOOK 912 $a9910777426803321 996 $aBuilding a North American feed information system$93776517 997 $aUNINA LEADER 04596nam 2200697 450 001 9910787603903321 005 20230803032958.0 010 $a3-99043-627-9 024 7 $a10.1515/9783990436271 035 $a(CKB)2670000000523381 035 $a(EBL)1524402 035 $a(SSID)ssj0001171680 035 $a(PQKBManifestationID)11755149 035 $a(PQKBTitleCode)TC0001171680 035 $a(PQKBWorkID)11176032 035 $a(PQKB)10502504 035 $a(DE-B1597)247051 035 $a(OCoLC)880868654 035 $a(OCoLC)979771249 035 $a(DE-B1597)9783990436271 035 $a(Au-PeEL)EBL1524402 035 $a(CaPaEBR)ebr10838296 035 $a(CaONFJC)MIL928534 035 $a(OCoLC)870592137 035 $a(MiAaPQ)EBC1524402 035 $a(EXLCZ)992670000000523381 100 $a20140224h20132013 uy| 0 101 0 $aeng 135 $aurnn#---|u||u 181 $ctxt 182 $cc 183 $acr 200 00$aEigen Architecture $ecomputability as literacy /$feditors, Ludger Hovestadt and Vera Bu?hlmann 210 1$aVienna :$cAmbra|V,$d[2013] 210 4$d©2013 215 $a1 online resource (128 p.) 225 0 $aApplied virtuality book series,$x2196-3118 300 $aDescription based upon print version of record. 311 0 $a3-99043-626-0 320 $aIncludes bibliographical references. 327 $tFront matter --$tContents --$tCultivating the generic /$rHovestadt, Ludger --$tFour Chairs and all the others /$rRoman, Miro --$tHard-Boiled World Wide Web And The End Of Distance /$rPedrojevic, Stanislava --$tHybridity as an Urban Speculation /$rAgeeva, Ekaterina --$tEigenwindow As A Reflection Of Singaporeans' Cultural Diversity /$rMiskeljin, Bojana --$tArticulating a thing entirely in its own terms /$rBühlmann, Vera --$tGeneric Villa /$rMezari, Melina --$tExiled to the Virtual World or the Inconsistency of the Real /$rAlvarez, Diana --$tA House of Things /$rRodriguez, Mauricio --$tBackmatter 330 $aDieses Buch verschiebt den Bezugsrahmen der Netzwerk- und strukturorientierten Diskussionen von den angewandten Technologien des 20. Jahrhunderts zurück zur Abstraktheit der Mathematik des 19. Jahrhunderts. Es liest George Boole, Richard Dedekind, Hermann Grassmann und Bernhard Riemann auf überraschende Art und Weise neu. EigenArchitecture argumentiert in Richtung einer Kompetenz des Digitalen. Sie kann die Kunstfertigkeit im Geometrischen ablösen. So kann sich die Architektur von den heutigen ökonomischen, technokratischen und bürokratischen Zwangsjacken befreien: von den physikalistischen Optimierungen, den soziologischen Balancierungen und den ideologischen Naturalisierungen. Das Buch enthält einen programmatischen Text über die Rolle der Technologie in der Architektur, einen philosophischen Text über das Generische und das algebraische Artikulieren, und sechs Beispiele von postgraduierten Studenten des Jahres 2012 an der Professur für CAAD an der ETH Zürich, Schweiz. 330 $aThis book shifts the frame of reference for today's network- and structure oriented discussions from the applied computational tools of the 20th century back to the abstractness of 19th century mathematics. It re-reads George Boole, Richard Dedekind, Hermann Grassmann and Bernhard Riemann in a surprising manner. Eigen Architecture argues for a literacy of the digital, displacing the role of geometrical craftsmanship. Thus, architecture can be liberated from today's economical, technocratic and bureaucratic straight jackets: from physicalistic optimization, sociological balancing, and ideological naturalizations. The book comprises a programmatic text on the role of technology in architecture, a philosophical text on the generic and on algebraic articulation, and six exemplary projects by postgraduate students in 2012 at the Chair for Computer Aided Architectural Design at ETH Zurich, Switzerland. 410 0$aApplied Virtuality Book Series 606 $aArchitect-designed houses$vCatalogs 606 $aArchitecture, Modern$y19th century$vCatalogs 606 $aArchitecture, Modern$y20th century$vCatalogs 615 0$aArchitect-designed houses 615 0$aArchitecture, Modern 615 0$aArchitecture, Modern 676 $a728.0905 700 $aHovestadt$b Ludger$01026542 701 $aHovestadt$b Ludger$01026542 701 $aBu?hlmann$b Vera$01097660 801 0$bMiAaPQ 801 1$bMiAaPQ 801 2$bMiAaPQ 906 $aBOOK 912 $a9910787603903321 996 $aEigen Architecture$93723968 997 $aUNINA